Quizzes
Events
Quiz Creation
Community
Videos
Private Events
Remove Ads
Sign In
Join for FREE
Feedback
Dark Mode
Quiz Categories
Sports
Geography
Music
Movies
Television
Just For Fun
Miscellaneous
History
Literature
Language
Science
Gaming
Entertainment
Religion
Holiday
For Kids
Quiz Lab
Recent
Popular Today
Quiz Kudos Today
Editor Picks
Curator Picks
Quizzes by...
Day
Popularity
Type
Ratings
Length
Year
Community
Subscriptions
Recent Discussions
Orange Saloon
Badges
Playlists
Quests
Create
Leaderboards
Showdown
Live 5
Trivia Bingo
Activity
Puzzle Library
Sporcle Events
Private Events
Virtual Trivia
Globe League
Become a Host
Pub Owners
SporcleCon
Opinionation
Our Games
Videos
Blog
Mobile Apps
Partnerships
Remove Ads and Go Orange
Feedback
Music
Pop Music
The Beatles
Song
Album
Lyrics
Bands
Singers
Artist
Clip
Rock
Rap
Classical
Billboard
Country Music
Kpop
Taylor Swift
Music
Pop Music
The Beatles
Song
Album
Lyrics
Bands
Singers
Artist
Clip
Rock
Rap
Classical
Billboard
Country Music
Kpop
Taylor Swift
Random Quiz
Search Sporcle
×
Quiz Lab
Quiz Lab
Music
Billboard
Type in answers that appear in a list
Type in answers that appear in a list
Classic
Best Score? Go Orange.
Top 50 Billboard Songs of June 26 2010 Stats
Can you name the Top 50 Billboard Songs of June 26 2010?
By
k1297
6m
50 Questions
262 Plays
262 Plays
262 Plays
Comments
Comments
Give Quiz Kudos
Give Quiz Kudos
-
- Ratings
hide this ad
Replay
Link that replays current quiz
Next Quiz
Link to next quiz in quiz playlist
You Got
0%
They Got
Avg Score
40%
Avg Friend Score
Upgrade to see
Score Distribution
Jump to the score distribution portion of the page
Score
0/50
Timer
06:00
0
Plays Today
Number
Songs
% Correct
1.
California Gurls
89.3%
3.
Airplanes
79%
2.
OMG
77.5%
5.
Alejandro
75.2%
30.
Telephone
72.9%
38.
Tik Tok
66.8%
26.
Your Love
66.8%
4.
Billionaire
65.6%
6.
Your Love Is My Drug
64.5%
7.
Break Your Heart
60.7%
8.
Not Afraid
60.7%
12.
Hey Soul Sister
59.9%
50.
Bad Romance
54.6%
13.
Bulletproof
51.5%
11.
Nothin On You
51.1%
16.
Need You Now
48.5%
21.
In My Head
47.7%
18.
My First Kiss
46.6%
14.
Cooler Than Me
46.2%
45.
Dynamite
44.3%
28.
Havent Met You Yet
43.1%
19.
Rude Boy
41.2%
22.
Breakeven
40.1%
42.
I Gotta Feeling
39.7%
17.
Young Forever
39.3%
Number
Songs
% Correct
32.
I Like It
38.9%
24.
Cant Be Tamed
38.9%
10.
Find Your Love
38.2%
20.
Ridin Solo
38.2%
15.
Undo It
35.1%
9.
Rock That Body
33.2%
31.
Over
32.4%
46.
Eenie Meenie
30.5%
35.
I Made It
30.5%
25.
Impossible
30.2%
39.
If We Ever Meet Again
29.8%
47.
Somebody To Love
26.7%
40.
Whataya Want From Me
26.3%
33.
Never Say Never
22.9%
44.
Waka Waka
22.9%
27.
All I Do Is Win
22.5%
36.
This Afternoon
21%
34.
My Chick Bad
20.2%
23.
Unthinkable
17.2%
29.
The House That Built Me
16.8%
41.
Pray For You
12.2%
49.
Water
11.5%
48.
Miss Me
8.8%
37.
Faithfully
7.3%
43.
Over The Rainbow
2.7%
Quiz Playlist
Details
Report
Send in Message
Add To Playlist
Classic:
Type in answers that appear in a list
Last Updated: Feb 16, 2017
Quiz Scoreboard
CHALLENGE
Sign Up to Join the Scoreboard
Show All
Scores
Hide
Comments
May contain spoilers
Recently Published
Movies - When Are They Set?
by FPL_Elf
Movies
5m
Popular People in 1961
by mucciniale
History
6m
1-10 Letter E Words III
by El_Dandy
Language
2m
More to Explore
Quiz From the Vault
Featured Blog Post
Where Did the Easter Bunny Come From?
hide this ad
You Might Also Like...
Tags
Artist Quiz
Billboard Quiz
Numbers Quiz
Song Quiz
2010
June
Music Charts
Top 50
Today's Top Quizzes in Music
Browse Music
hide this ad
Today's Top Quizzes in Billboard
Browse Billboard
Top Contributed Quizzes in Music
1
Taylor Swift All Songs (2024)
2
2010s Album by Cover III
3
One Thing in Common: Music
4
Taylor Swift Logic Puzzle
5
Guess the Artist- 70s Songs
6
2010s Album by Cover IV
7
Guess the Taylor Swift song (Mystery Song)
8
2010s Album by Cover V
9
Lana Del Rey Discography (BTD to DYKTTATUOB)
10
2010s Album by Cover VI
Explore More
Trending Topics
Harry Potter
Disney
Marvel
Anime
Kpop
Crossword
NBA
Puzzle
WWE
Country
NFL
Song
Pokémon
The Office
Soccer
hide this ad
More By:
k1297
Quiz
Plays
Rating
Category
Featured
Created
Billboard's Top 100 Artists 2000-2009
9,089
3.88
Music
Feb 23, 2010
Top 50 Billboard Songs of January 2010
1,641
2.57
Music
Jan 20, 2010
Billboard 100 Carrie Underwood Hits
862
3.67
Music
Apr 30, 2010
Top Female Music Artists of 2009
843
3.00
Music
Jan 18, 2010
U.S Biggest Cities by Population
821
2.50
Geography
Jan 15, 2010
Go to Creator's Profile
Score Distribution
Quiz Creator Spotlight
k1297
Follow
Send a Message
Quizzes Created
-
Created Quiz Play Count
-
More By This Creator
Popular Quizzes Today
1
Find the US States - No Outlines Minefield
2
Find the Countries of Europe - No Outlines Minefield
3
The Countries of the World
4
Popular People in 1961
5
1-10 Letter E Words III
6
US States
7
Find the US States
8
One Thing in Common: World Cities II
More Music Quizzes
Dreamcatcher by Birthday
Quiz Lab
Trending Quizzes
Risky Map Clicking: Least Populous States A-Z
1-10 Letter F Words
1-10 Letter G Words
One Thing in Common: United Kingdom
Risky Map Clicking: Next State Alphabetically
Recently Updated
Leaping Animals
pecheneg
Reality TV Shows (A-Z)
bhenderson79
Rickey Henderson's Hall of Fame Teammates
pecheneg
Champions League XIs: Arsenal
pecheneg
Quick Pick: Celebrities in WWE's Hall of Fame
aduchscher
A-Z Keypad Blitz II
pecheneg
Multiple Oscar Actors
pecheneg
Mystery Phrase Blitz: Oscar 'Best Actors'
pecheneg
F. Scott Fitzgerald Novels
LTH
Pick 3 Villains
ddd62291
Trending Topics
Anime
NBA
Crossword
Harry Potter
Disney
Marvel
Kpop
NFL
Song
Country
Pokémon
WWE
The Office
Soccer
Puzzle
Your Account Isn't Verified!
In order to create a playlist on Sporcle, you need to verify the email address you used during registration. Go to your
Sporcle Settings
to finish the process.
Report this User
Report this user for behavior that violates our
Community Guidelines
.
Details:
Send Report
Go to the Sporcle.com Mobile Site →
Comments